000 00718nam a2200277Ia 4500
008 170203s9999 xx 000 0 und d
020 _a9715694292
050 _a413
050 _bM183a 2001
100 _aMadulid, Domingo A.
245 2 _aA dictionary of Philippine plant names /
245 _cDomingo A. Madulid.
260 _aMakati City, Philippines :
260 _bBookmark, Inc.
260 _c2001
300 _a2 volumes ;
300 _c26 cm.
440 _vvol. 2
650 _aPhilippines.
650 _aPlant names, Popular -- Philippines --
650 _aPlant names, Popular.
650 _aPlants --
650 _aPlants.
650 _xDictionaries.
650 _xNomenclature.
999 _c305859
_d305859